01012cam a2200277 a 4500001001000000003000600010005001700016008004100033035003500074040003000109082001800139100004000157245009500197260002800292300002700320490002400347504003200371650002800403650004600431700003700477830003200514910004000546049000900586952012200595999001700717000018445UkOxU20200929165817.0750717s1970 sp a 000 f spa d aOCLC ocm01455476 from D970210T aDO-SdBNPcZIHdEQOdBNPHU a862.4bC121no1 aCadalso, José,d1741-1782.92240510aNoches lúgubres /cJosé Cadalso ; Introducción, edición y notas de Joaquín Arce. aMadrid :bAnaya,c1970. a76 p. :bil. ;c17 cm.1 aBiblioteca Anayav8 aBibliografías: p. 26 -30. 4aNovela española91123 4aLiteratura españolaySIGLO XVIII9136981 aArce, Joaquín.eintrod.939922 0aBiblioteca Anaya ;v898674 aCatalogación por derivada /Oxford aBNGR 001054708MOaGRbGRcCTd2010-05-07iLF1l0o862.4 C121nop18445-10r2020-06-25w2020-06-25y4ZPréstamo en sala c17965d17965